[Event "Campeonato de España Rapid 2017"]
[Site "Linares"]
[Date "2017.08.13"]
[Round "1"]
[White "Anton Guijarro, David"]
[Black "Cuesta Bustos, Raul"]
[Result "1-0"]
[Board "1"]
[WhiteTitle "GM"]
[WhiteElo "2715"]
[WhiteCountry "ESP"]
[WhiteFideId "2285525"]
[WhiteEloChange "1"]
[BlackElo "2087"]
[BlackCountry "ESP"]
[BlackFideId "2221446"]
[BlackEloChange "-2"]

1. e4 {[%clk 0:15:06]} e6 {[%clk 0:15:08]} 2. d3 {[%clk 0:15:07]} d5 {[%clk
0:15:10]} 3. Nd2 {[%clk 0:15:10]} Nf6 {[%clk 0:15:13]} 4. Ngf3 {[%clk 0:15:12]}
Be7 {[%clk 0:15:16]} 5. g3 {[%clk 0:15:14]} O-O {[%clk 0:15:19]} 6. Bg2 {[%clk
0:15:17]} c5 {[%clk 0:15:22]} 7. O-O {[%clk 0:15:18]} Nc6 {[%clk 0:15:25]} 8. Re1
{[%clk 0:15:20]} b5 {[%clk 0:15:20]} 9. a4 {[%clk 0:15:21]} b4 {[%clk 0:14:38]}
10. e5 {[%clk 0:14:41]} Nd7 {[%clk 0:14:29]} 11. Nf1 {[%clk 0:14:44]} a5 {[%clk
0:14:09]} 12. h4 {[%clk 0:14:35]} Ba6 {[%clk 0:13:32]} 13. Bf4 {[%clk 0:14:30]}
Rc8 {[%clk 0:13:07]} 14. N1h2 {[%clk 0:13:16]} Nb6 {[%clk 0:10:42]} 15. Ng4
{[%clk 0:09:57]} Nd4 {[%clk 0:09:55]} 16. Nxd4 {[%clk 0:09:40]} cxd4 {[%clk
0:09:54]} 17. b3 {[%clk 0:09:42]} Rc3 {[%clk 0:07:01]} 18. Ra2 {[%clk 0:09:27]}
Bc8 {[%clk 0:05:27]} 19. Nh2 {[%clk 0:09:19]} f5 {[%clk 0:05:02]} 20. Nf3 {[%clk
0:08:48]} Bc5 {[%clk 0:03:21]} 21. Bd2 {[%clk 0:08:44]} Na8 {[%clk 0:03:21]} 22.
Bxc3 {[%clk 0:08:39]} bxc3 {[%clk 0:03:25]} 23. Qc1 {[%clk 0:08:33]} Nc7 {[%clk
0:03:21]} 24. Qf4 {[%clk 0:06:57]} Na6 {[%clk 0:03:25]} 25. Raa1 {[%clk 0:06:18]}
Nb4 {[%clk 0:03:02]} 26. Re2 {[%clk 0:06:20]} Qb6 {[%clk 0:02:02]} 27. Rd1 {[%clk
0:05:55]} Ba6 {[%clk 0:01:44]} 28. Ne1 {[%clk 0:05:40]} Qc7 {[%clk 0:00:56]} 29.
Bh3 {[%clk 0:05:14]} Qe7 {[%clk 0:00:31]} 30. Nf3 {[%clk 0:05:03]} Qb7 {[%clk
0:00:16]} 31. Ne1 {[%clk 0:04:41]} Qe7 {[%clk 0:00:20]} 32. Kh2 {[%clk 0:04:45]}
Qb7 {[%clk 0:00:24]} 33. g4 {[%clk 0:04:42]} fxg4 {[%clk 0:00:11]} 34. Qxg4
{[%clk 0:04:44]} Re8 {[%clk 0:00:02]} 35. Nf3 {[%clk 0:04:26]} h6 {[%clk
0:00:10]} 36. Nxd4 {[%clk 0:03:24]} 1-0

[Event "Campeonato de España Rapid 2017"]
[Site "Linares"]
[Date "2017.08.13"]
[Round "1"]
[White "Fedorchuk, Sergey A."]
[Black "Sanchez Vergara, Alberto"]
[Result "1-0"]
[Board "3"]
[WhiteTitle "GM"]
[WhiteElo "2678"]
[WhiteCountry "UKR"]
[WhiteFideId "14102536"]
[WhiteEloChange "1"]
[BlackElo "2085"]
[BlackCountry "ESP"]
[BlackFideId "22230211"]
[BlackEloChange "-2"]

1. e4 {[%clk 0:14:10]} e6 {[%clk 0:15:00]} 2. d4 {[%clk 0:14:11]} d5 {[%clk
0:14:58]} 3. Bd3 {[%clk 0:14:13]} c5 {[%clk 0:14:41]} 4. exd5 {[%clk 0:14:12]}
exd5 {[%clk 0:14:33]} 5. Nf3 {[%clk 0:14:12]} Nf6 {[%clk 0:14:02]} 6. O-O {[%clk
0:14:02]} Be7 {[%clk 0:13:38]} 7. dxc5 {[%clk 0:13:49]} O-O {[%clk 0:12:21]} 8.
Be3 {[%clk 0:13:05]} Nc6 {[%clk 0:11:25]} 9. c3 {[%clk 0:12:36]} a5 {[%clk
0:10:34]} 10. Bc2 {[%clk 0:09:58]} Bg4 {[%clk 0:09:50]} 11. h3 {[%clk 0:10:00]}
Bh5 {[%clk 0:09:42]} 12. Nbd2 {[%clk 0:09:49]} Qc7 {[%clk 0:08:59]} 13. a3 {[%clk
0:09:05]} Rad8 {[%clk 0:07:48]} 14. Qb1 {[%clk 0:08:27]} Rfe8 {[%clk 0:03:23]}
15. b4 {[%clk 0:08:20]} Ne5 {[%clk 0:02:56]} 16. Nxe5 {[%clk 0:06:47]} Qxe5
{[%clk 0:02:59]} 17. Bd4 {[%clk 0:06:39]} Qg5 {[%clk 0:03:02]} 18. Qc1 {[%clk
0:06:22]} Bg6 {[%clk 0:01:43]} 19. Nb3 {[%clk 0:04:26]} Qxc1 {[%clk 0:01:35]} 20.
Rfxc1 {[%clk 0:04:27]} axb4 {[%clk 0:01:38]} 21. axb4 {[%clk 0:04:28]} Bxc2
{[%clk 0:01:10]} 22. Rxc2 {[%clk 0:04:31]} Ne4 {[%clk 0:01:04]} 23. Ra7 {[%clk
0:04:25]} 1-0

[Event "Campeonato de España Rapid 2017"]
[Site "Linares"]
[Date "2017.08.13"]
[Round "1"]
[White "Arauz Alonso, Fernando"]
[Black "Salgado Lopez, Ivan"]
[Result "0-1"]
[Board "4"]
[WhiteElo "2082"]
[WhiteCountry "ESP"]
[WhiteFideId "2298414"]
[WhiteEloChange "-2"]
[BlackTitle "GM"]
[BlackElo "2666"]
[BlackCountry "ESP"]
[BlackFideId "2257327"]
[BlackEloChange "1"]

1. d4 {[%clk 0:15:06]} Nf6 {[%clk 0:15:07]} 2. Nf3 {[%clk 0:14:51]} b6 {[%clk
0:15:09]} 3. e3 {[%clk 0:14:28]} Bb7 {[%clk 0:15:08]} 4. Bd3 {[%clk 0:14:26]} g6
{[%clk 0:15:00]} 5. O-O {[%clk 0:14:22]} Bg7 {[%clk 0:15:02]} 6. c4 {[%clk
0:13:17]} O-O {[%clk 0:14:59]} 7. Nc3 {[%clk 0:13:02]} d6 {[%clk 0:15:00]} 8. e4
{[%clk 0:11:56]} Nbd7 {[%clk 0:14:59]} 9. h3 {[%clk 0:09:27]} e6 {[%clk 0:14:47]}
10. Qc2 {[%clk 0:08:34]} Qe7 {[%clk 0:14:31]} 11. Be3 {[%clk 0:08:10]} a6 {[%clk
0:14:16]} 12. Rad1 {[%clk 0:07:55]} c5 {[%clk 0:13:58]} 13. b3 {[%clk 0:07:42]}
cxd4 {[%clk 0:13:50]} 14. Nxd4 {[%clk 0:07:40]} Nc5 {[%clk 0:13:47]} 15. f3
{[%clk 0:07:22]} Rac8 {[%clk 0:13:09]} 16. Qb1 {[%clk 0:06:48]} d5 {[%clk
0:12:18]} 17. e5 {[%clk 0:06:13]} Nfd7 {[%clk 0:12:19]} 18. cxd5 {[%clk 0:06:06]}
Nxe5 {[%clk 0:12:17]} 19. Be4 {[%clk 0:02:38]} Nxe4 {[%clk 0:12:03]} 20. Nxe4
{[%clk 0:02:35]} exd5 {[%clk 0:11:48]} 21. Ng3 {[%clk 0:01:38]} Rfe8 {[%clk
0:09:21]} 22. Bf2 {[%clk 0:01:33]} Qd7 {[%clk 0:09:19]} 23. Rfe1 {[%clk 0:01:29]}
a5 {[%clk 0:09:11]} 24. Nge2 {[%clk 0:01:02]} Ba6 {[%clk 0:08:26]} 25. Nf4 {[%clk
0:01:05]} Rcd8 {[%clk 0:08:23]} 26. b4 {[%clk 0:00:40]} axb4 {[%clk 0:08:13]} 27.
Qxb4 {[%clk 0:00:36]} Nc4 {[%clk 0:08:13]} 28. a4 {[%clk 0:00:10]} Bf8 {[%clk
0:07:46]} 29. Qb1 {[%clk 0:00:06]} Qxa4 {[%clk 0:07:34]} 30. Rxe8 {[%clk
0:00:09]} Qxe8 {[%clk 0:07:36]} 31. Nb3 {[%clk 0:00:07]} Bb7 {[%clk 0:07:27]} 32.
Bd4 {[%clk 0:00:11]} Bg7 {[%clk 0:07:16]} 33. Re1 {[%clk 0:00:15]} Bxd4+ {[%clk
0:07:02]} 34. Nxd4 {[%clk 0:00:18]} Qf8 {[%clk 0:07:06]} 35. Kh1 {[%clk 0:00:06]}
Re8 {[%clk 0:07:01]} 36. Rxe8 {[%clk 0:00:08]} Qxe8 {[%clk 0:07:05]} 37. Qd3
{[%clk 0:00:10]} Qe1+ {[%clk 0:06:58]} 38. Kh2 {[%clk 0:00:14]} Qe5 {[%clk
0:06:56]} 39. Kh1 {[%clk 0:00:08]} Qxf4 {[%clk 0:06:52]} 0-1

[Event "Campeonato de España Rapid 2017"]
[Site "Linares"]
[Date "2017.08.13"]
[Round "1"]
[White "Centron Antuna, Daniel"]
[Black "Iturrizaga Bonelli, Eduardo"]
[Result "0-1"]
[Board "6"]
[WhiteElo "2062"]
[WhiteCountry "ESP"]
[WhiteFideId "22288694"]
[WhiteEloChange "-2"]
[BlackTitle "GM"]
[BlackElo "2647"]
[BlackCountry "VEN"]
[BlackFideId "3901211"]
[BlackEloChange "1"]

1. Nf3 {[%clk 0:15:08]} c5 {[%clk 0:15:09]} 2. d4 {[%clk 0:15:07]} cxd4 {[%clk
0:15:13]} 3. Nxd4 {[%clk 0:15:09]} e5 {[%clk 0:15:15]} 4. Nb5 {[%clk 0:15:05]} d6
{[%clk 0:15:01]} 5. c4 {[%clk 0:14:56]} a6 {[%clk 0:15:03]} 6. N5c3 {[%clk
0:14:57]} Be6 {[%clk 0:15:05]} 7. e4 {[%clk 0:14:47]} Nc6 {[%clk 0:15:09]} 8. Be3
{[%clk 0:13:53]} Nf6 {[%clk 0:14:19]} 9. Be2 {[%clk 0:13:28]} Rc8 {[%clk
0:14:18]} 10. O-O {[%clk 0:13:07]} Be7 {[%clk 0:14:22]} 11. Nd2 {[%clk 0:12:30]}
O-O {[%clk 0:13:55]} 12. Nd5 {[%clk 0:12:15]} Nd7 {[%clk 0:13:40]} 13. f4 {[%clk
0:11:33]} exf4 {[%clk 0:13:40]} 14. Bxf4 {[%clk 0:11:28]} Nce5 {[%clk 0:12:29]}
15. b3 {[%clk 0:10:27]} Bg5 {[%clk 0:12:33]} 16. Bg3 {[%clk 0:10:10]} Nc5 {[%clk
0:12:28]} 17. Nf4 {[%clk 0:09:44]} Bd7 {[%clk 0:11:51]} 18. Qc2 {[%clk 0:09:17]}
b5 {[%clk 0:11:53]} 19. Rad1 {[%clk 0:08:37]} Bc6 {[%clk 0:11:28]} 20. Nd5 {[%clk
0:07:39]} Re8 {[%clk 0:11:27]} 21. Nf3 {[%clk 0:07:31]} Nxf3+ {[%clk 0:11:22]}
22. Bxf3 {[%clk 0:07:24]} bxc4 {[%clk 0:11:26]} 23. Qxc4 {[%clk 0:06:55]} Bb5
{[%clk 0:11:29]} 24. Qd4 {[%clk 0:06:58]} Ne6 {[%clk 0:10:42]} 25. Qb4 {[%clk
0:06:58]} Bxf1 {[%clk 0:10:12]} 26. Rxf1 {[%clk 0:06:36]} Nc5 {[%clk 0:09:35]}
27. Rd1 {[%clk 0:05:45]} a5 {[%clk 0:09:26]} 28. Qd4 {[%clk 0:05:30]} Bh4 {[%clk
0:09:29]} 29. Bf4 {[%clk 0:04:54]} Ne6 {[%clk 0:09:33]} 30. Qd2 {[%clk 0:04:52]}
Bg5 {[%clk 0:09:29]} 31. g3 {[%clk 0:04:46]} Bxf4 {[%clk 0:09:19]} 32. gxf4
{[%clk 0:04:48]} Qh4 {[%clk 0:09:22]} 33. Bg2 {[%clk 0:04:20]} Rc5 {[%clk
0:09:21]} 34. f5 {[%clk 0:04:11]} Ng5 {[%clk 0:09:16]} 35. f6 {[%clk 0:04:06]}
Nxe4 {[%clk 0:08:39]} 36. Bxe4 {[%clk 0:03:37]} Rxe4 {[%clk 0:08:18]} 37. Ne7+
{[%clk 0:03:22]} Rxe7 {[%clk 0:08:20]} 38. fxe7 {[%clk 0:03:11]} Rg5+ {[%clk
0:08:21]} 39. Kf1 {[%clk 0:02:52]} Qh3+ {[%clk 0:08:25]} 40. Ke1 {[%clk 0:02:09]}
Rg1+ {[%clk 0:08:28]} 41. Kf2 {[%clk 0:01:59]} Rg2+ {[%clk 0:08:32]} 42. Ke1
{[%clk 0:01:53]} Qe6+ {[%clk 0:08:26]} 0-1

[Event "Campeonato de España Rapid 2017"]
[Site "Linares"]
[Date "2017.08.13"]
[Round "1"]
[White "Granda Zuniga, Julio E"]
[Black "Lara Granero, Bio"]
[Result "1-0"]
[Board "7"]
[WhiteTitle "GM"]
[WhiteElo "2644"]
[WhiteCountry "PER"]
[WhiteFideId "3800024"]
[WhiteEloChange "1"]
[BlackElo "2060"]
[BlackCountry "ESP"]
[BlackFideId "2278286"]
[BlackEloChange "-2"]

1. b3 {[%clk 0:15:08]} Nf6 {[%clk 0:15:03]} 2. Bb2 {[%clk 0:15:11]} g6 {[%clk
0:15:07]} 3. c4 {[%clk 0:15:01]} Bg7 {[%clk 0:15:10]} 4. d4 {[%clk 0:15:04]} d5
{[%clk 0:14:51]} 5. e3 {[%clk 0:15:04]} O-O {[%clk 0:14:52]} 6. Nf3 {[%clk
0:15:06]} c6 {[%clk 0:14:14]} 7. Be2 {[%clk 0:15:04]} Ne4 {[%clk 0:13:35]} 8. O-O
{[%clk 0:15:04]} Re8 {[%clk 0:13:29]} 9. Qc1 {[%clk 0:15:02]} Bg4 {[%clk
0:12:31]} 10. h3 {[%clk 0:15:03]} Bxf3 {[%clk 0:12:27]} 11. Bxf3 {[%clk 0:14:55]}
e5 {[%clk 0:12:09]} 12. dxe5 {[%clk 0:14:48]} Bxe5 {[%clk 0:12:12]} 13. Bxe5
{[%clk 0:14:47]} Rxe5 {[%clk 0:12:15]} 14. Rd1 {[%clk 0:13:56]} Na6 {[%clk
0:10:35]} 15. Nc3 {[%clk 0:13:37]} Qh4 {[%clk 0:07:40]} 16. Bxe4 {[%clk 0:08:39]}
dxe4 {[%clk 0:07:42]} 17. Rd4 {[%clk 0:08:32]} Nc5 {[%clk 0:07:01]} 18. f4 {[%clk
0:08:33]} Ree8 {[%clk 0:06:50]} 19. Qd2 {[%clk 0:08:30]} Rad8 {[%clk 0:06:41]}
20. Rd1 {[%clk 0:08:28]} Ne6 {[%clk 0:06:41]} 21. Rxd8 {[%clk 0:08:15]} Rxd8
{[%clk 0:06:43]} 22. Qe2 {[%clk 0:08:06]} Nc5 {[%clk 0:06:37]} 23. b4 {[%clk
0:08:00]} Nd3 {[%clk 0:05:54]} 24. Nxe4 {[%clk 0:07:49]} Nxb4 {[%clk 0:05:57]}
25. Rxd8+ {[%clk 0:06:55]} Qxd8 {[%clk 0:06:01]} 26. Qb2 {[%clk 0:06:57]} Qd1+
{[%clk 0:05:34]} 27. Kh2 {[%clk 0:07:00]} Nd3 {[%clk 0:03:33]} 28. Qxb7 {[%clk
0:05:47]} Qe2 {[%clk 0:02:53]} 29. Ng5 {[%clk 0:05:35]} Ne5 {[%clk 0:02:04]} 30.
Qb8+ {[%clk 0:05:37]} 1-0

[Event "Campeonato de España Rapid 2017"]
[Site "Linares"]
[Date "2017.08.13"]
[Round "1"]
[White "Martinez Duany, Lelys Stanley"]
[Black "Delgado Alarcon, Jesus Francisco"]
[Result "1-0"]
[Board "9"]
[WhiteTitle "GM"]
[WhiteElo "2615"]
[WhiteCountry "CUB"]
[WhiteFideId "3504727"]
[WhiteEloChange "1"]
[BlackElo "2055"]
[BlackCountry "ESP"]
[BlackFideId "2272369"]
[BlackEloChange "-2"]

1. Nf3 {[%clk 0:15:05]} f5 {[%clk 0:15:02]} 2. g3 {[%clk 0:14:24]} Nf6 {[%clk
0:15:00]} 3. Bg2 {[%clk 0:14:26]} d5 {[%clk 0:15:01]} 4. c4 {[%clk 0:14:24]} c6
{[%clk 0:15:02]} 5. O-O {[%clk 0:14:08]} e6 {[%clk 0:15:04]} 6. b3 {[%clk
0:14:10]} Nbd7 {[%clk 0:14:34]} 7. d3 {[%clk 0:13:45]} Bc5 {[%clk 0:13:44]} 8.
Ba3 {[%clk 0:13:37]} Bxa3 {[%clk 0:13:25]} 9. Nxa3 {[%clk 0:13:40]} O-O {[%clk
0:13:19]} 10. b4 {[%clk 0:12:45]} a6 {[%clk 0:13:08]} 11. Qb3 {[%clk 0:12:44]} b5
{[%clk 0:12:28]} 12. cxd5 {[%clk 0:12:41]} cxd5 {[%clk 0:12:23]} 13. Rac1 {[%clk
0:12:11]} Nb6 {[%clk 0:12:07]} 14. Nc2 {[%clk 0:11:58]} Qd6 {[%clk 0:11:28]} 15.
Qc3 {[%clk 0:11:12]} Bd7 {[%clk 0:09:49]} 16. Qe5 {[%clk 0:11:07]} Qe7 {[%clk
0:09:37]} 17. h3 {[%clk 0:10:59]} Rac8 {[%clk 0:09:32]} 18. a3 {[%clk 0:11:01]}
h6 {[%clk 0:08:29]} 19. Ncd4 {[%clk 0:10:59]} Kf7 {[%clk 0:08:26]} 20. Qe3 {[%clk
0:10:35]} Rfe8 {[%clk 0:07:53]} 21. Ne5+ {[%clk 0:10:14]} Kg8 {[%clk 0:07:55]}
22. f4 {[%clk 0:10:12]} Qd6 {[%clk 0:07:48]} 23. g4 {[%clk 0:09:42]} Na4 {[%clk
0:06:57]} 24. Bf3 {[%clk 0:09:12]} Nh7 {[%clk 0:06:16]} 25. Rxc8 {[%clk 0:07:53]}
Rxc8 {[%clk 0:06:10]} 26. Nxd7 {[%clk 0:07:52]} Qxd7 {[%clk 0:05:43]} 27. Qxe6+
{[%clk 0:07:51]} Qxe6 {[%clk 0:05:34]} 28. Nxe6 {[%clk 0:07:55]} Rc3 {[%clk
0:05:35]} 29. Bxd5 {[%clk 0:07:52]} Nf6 {[%clk 0:05:25]} 30. Bf3 {[%clk 0:07:47]}
Rxa3 {[%clk 0:05:23]} 31. g5 {[%clk 0:07:36]} Nd7 {[%clk 0:05:16]} 32. gxh6
{[%clk 0:07:24]} gxh6 {[%clk 0:05:18]} 33. Nd4 {[%clk 0:07:28]} Nc3 {[%clk
0:04:58]} 34. Nxf5 {[%clk 0:07:20]} Kh7 {[%clk 0:05:01]} 35. Kf2 {[%clk 0:07:16]}
1-0

[Event "Campeonato de España Rapid 2017"]
[Site "Linares"]
[Date "2017.08.13"]
[Round "1"]
[White "Volkov, Sergey"]
[Black "Sanjuan Garcia, Miguel"]
[Result "1-0"]
[Board "11"]
[WhiteTitle "GM"]
[WhiteElo "2592"]
[WhiteCountry "RUS"]
[WhiteFideId "4122763"]
[WhiteEloChange "1"]
[BlackElo "2048"]
[BlackCountry "ESP"]
[BlackFideId "2210584"]
[BlackEloChange "-2"]

1. d4 {[%clk 0:15:07]} Nf6 {[%clk 0:15:05]} 2. c4 {[%clk 0:15:10]} c5 {[%clk
0:15:08]} 3. d5 {[%clk 0:15:12]} b5 {[%clk 0:15:12]} 4. Nf3 {[%clk 0:15:14]} g6
{[%clk 0:15:05]} 5. cxb5 {[%clk 0:15:16]} a6 {[%clk 0:15:08]} 6. e3 {[%clk
0:15:18]} Bg7 {[%clk 0:14:24]} 7. Nc3 {[%clk 0:15:19]} O-O {[%clk 0:14:14]} 8. a4
{[%clk 0:15:22]} Bb7 {[%clk 0:14:01]} 9. e4 {[%clk 0:15:11]} e6 {[%clk 0:14:03]}
10. Bg5 {[%clk 0:14:00]} Qa5 {[%clk 0:13:04]} 11. Bd2 {[%clk 0:13:44]} Qb6 {[%clk
0:10:54]} 12. a5 {[%clk 0:10:08]} Qd8 {[%clk 0:10:20]} 13. Bg5 {[%clk 0:10:06]}
h6 {[%clk 0:07:24]} 14. Bxf6 {[%clk 0:10:07]} Bxf6 {[%clk 0:07:23]} 15. b6 {[%clk
0:10:00]} exd5 {[%clk 0:07:03]} 16. exd5 {[%clk 0:09:57]} Re8+ {[%clk 0:06:44]}
17. Be2 {[%clk 0:09:59]} Qe7 {[%clk 0:05:21]} 18. Ra2 {[%clk 0:09:53]} d6 {[%clk
0:04:49]} 19. O-O {[%clk 0:09:53]} Nd7 {[%clk 0:04:51]} 20. Bc4 {[%clk 0:09:20]}
Ne5 {[%clk 0:04:45]} 21. Nxe5 {[%clk 0:09:22]} Bxe5 {[%clk 0:04:48]} 22. g3
{[%clk 0:08:59]} Bd4 {[%clk 0:03:23]} 23. Ne2 {[%clk 0:08:26]} Bg7 {[%clk
0:03:25]} 24. b3 {[%clk 0:08:15]} Qg5 {[%clk 0:03:21]} 25. Nf4 {[%clk 0:07:47]}
Re4 {[%clk 0:03:15]} 26. Qf3 {[%clk 0:07:38]} Rae8 {[%clk 0:03:12]} 27. Re2
{[%clk 0:07:13]} Rxe2 {[%clk 0:02:59]} 28. Nxe2 {[%clk 0:07:14]} Bc8 {[%clk
0:02:58]} 29. Qf4 {[%clk 0:07:07]} Qxf4 {[%clk 0:02:37]} 30. gxf4 {[%clk
0:06:47]} Bg4 {[%clk 0:02:35]} 31. Bxa6 {[%clk 0:06:07]} Bxe2 {[%clk 0:02:37]}
32. Bxe2 {[%clk 0:06:08]} Rxe2 {[%clk 0:02:40]} 33. b7 {[%clk 0:06:10]} Bf8
{[%clk 0:02:31]} 1-0

[Event "Campeonato de España Rapid 2017"]
[Site "Linares"]
[Date "2017.08.13"]
[Round "1"]
[White "Zarandieta Lopera, Victor"]
[Black "Arizmendi Martinez, Julen Luis"]
[Result "0-1"]
[Board "12"]
[WhiteElo "2047"]
[WhiteCountry "ESP"]
[WhiteFideId "2226286"]
[WhiteEloChange "-2"]
[BlackTitle "GM"]
[BlackElo "2586"]
[BlackCountry "ESP"]
[BlackFideId "2205092"]
[BlackEloChange "1"]

1. c4 {[%clk 0:15:07]} e6 {[%clk 0:14:52]} 2. Nc3 {[%clk 0:15:05]} d5 {[%clk
0:14:53]} 3. cxd5 {[%clk 0:15:08]} exd5 {[%clk 0:14:56]} 4. d4 {[%clk 0:15:11]}
c6 {[%clk 0:14:40]} 5. Qc2 {[%clk 0:15:08]} Bd6 {[%clk 0:14:36]} 6. Nf3 {[%clk
0:15:05]} Ne7 {[%clk 0:14:35]} 7. Bg5 {[%clk 0:14:46]} f6 {[%clk 0:14:30]} 8. Bh4
{[%clk 0:14:47]} Bf5 {[%clk 0:13:58]} 9. Qb3 {[%clk 0:14:42]} Qb6 {[%clk
0:13:59]} 10. e3 {[%clk 0:14:06]} Qxb3 {[%clk 0:13:36]} 11. axb3 {[%clk 0:14:09]}
Bc2 {[%clk 0:13:34]} 12. Nd2 {[%clk 0:14:09]} Nf5 {[%clk 0:13:24]} 13. Bg3 {[%clk
0:14:12]} Nxg3 {[%clk 0:13:19]} 14. hxg3 {[%clk 0:14:12]} Nd7 {[%clk 0:13:00]}
15. Be2 {[%clk 0:13:26]} O-O {[%clk 0:11:58]} 16. Rc1 {[%clk 0:13:01]} Bf5 {[%clk
0:11:42]} 17. O-O {[%clk 0:12:50]} Rfe8 {[%clk 0:11:15]} 18. Ra1 {[%clk 0:11:29]}
Bb4 {[%clk 0:10:16]} 19. Rfc1 {[%clk 0:11:30]} Nb6 {[%clk 0:09:55]} 20. Nf3
{[%clk 0:10:45]} Nc8 {[%clk 0:09:47]} 21. Na2 {[%clk 0:10:27]} Bf8 {[%clk
0:09:46]} 22. Ne1 {[%clk 0:10:01]} Nd6 {[%clk 0:09:31]} 23. Nd3 {[%clk 0:09:41]}
Ne4 {[%clk 0:09:21]} 24. b4 {[%clk 0:09:10]} Nxg3 {[%clk 0:06:16]} 25. fxg3
{[%clk 0:08:59]} Rxe3 {[%clk 0:06:19]} 26. Kf2 {[%clk 0:08:47]} Rxd3 {[%clk
0:05:51]} 27. Bxd3 {[%clk 0:08:50]} Bxd3 {[%clk 0:05:55]} 28. Rc3 {[%clk
0:08:34]} Bc4 {[%clk 0:05:39]} 29. b3 {[%clk 0:08:30]} Bb5 {[%clk 0:05:40]} 30.
Re1 {[%clk 0:07:56]} Kf7 {[%clk 0:05:23]} 31. Rce3 {[%clk 0:07:33]} a6 {[%clk
0:05:00]} 32. Nc3 {[%clk 0:07:29]} Bxb4 {[%clk 0:04:57]} 33. Nxb5 {[%clk
0:07:32]} Bxe1+ {[%clk 0:04:55]} 0-1

[Event "Campeonato de España Rapid 2017"]
[Site "Linares"]
[Date "2017.08.13"]
[Round "1"]
[White "Saric, Ivan"]
[Black "Gonzalez Benavides, Jose Antonio"]
[Result "1-0"]
[Board "13"]
[WhiteTitle "GM"]
[WhiteElo "2586"]
[WhiteCountry "CRO"]
[WhiteFideId "14508150"]
[WhiteEloChange "1"]
[BlackElo "2044"]
[BlackCountry "ESP"]
[BlackFideId "2296373"]
[BlackEloChange "-2"]

1. e4 {[%clk 0:14:57]} c5 {[%clk 0:15:07]} 2. Nf3 {[%clk 0:15:00]} Nc6 {[%clk
0:15:11]} 3. Bb5 {[%clk 0:15:05]} g6 {[%clk 0:15:14]} 4. Bxc6 {[%clk 0:15:09]}
dxc6 {[%clk 0:15:18]} 5. d3 {[%clk 0:15:13]} Bg7 {[%clk 0:15:21]} 6. h3 {[%clk
0:15:17]} e5 {[%clk 0:15:24]} 7. a4 {[%clk 0:15:20]} a5 {[%clk 0:15:20]} 8. Na3
{[%clk 0:15:24]} Be6 {[%clk 0:15:23]} 9. Ng5 {[%clk 0:15:21]} Bc8 {[%clk
0:15:18]} 10. Nc4 {[%clk 0:15:23]} h6 {[%clk 0:15:17]} 11. Nf3 {[%clk 0:15:27]}
Be6 {[%clk 0:15:19]} 12. Ncxe5 {[%clk 0:15:24]} Ne7 {[%clk 0:14:58]} 13. O-O
{[%clk 0:15:23]} O-O {[%clk 0:14:45]} 14. Be3 {[%clk 0:15:27]} Qd6 {[%clk
0:14:42]} 15. Nc4 {[%clk 0:15:25]} Bxc4 {[%clk 0:14:44]} 16. dxc4 {[%clk
0:15:29]} Qe6 {[%clk 0:14:48]} 17. Bxc5 {[%clk 0:15:24]} Rfd8 {[%clk 0:14:40]}
18. Qe2 {[%clk 0:15:26]} Rd7 {[%clk 0:14:17]} 19. c3 {[%clk 0:15:21]} Re8 {[%clk
0:14:14]} 20. Rad1 {[%clk 0:15:16]} Nf5 {[%clk 0:13:58]} 21. Rxd7 {[%clk
0:15:15]} Qxd7 {[%clk 0:14:03]} 22. Qd2 {[%clk 0:15:09]} Qxd2 {[%clk 0:13:34]}
23. Nxd2 {[%clk 0:15:12]} Nh4 {[%clk 0:13:37]} 24. Re1 {[%clk 0:14:34]} g5 {[%clk
0:13:38]} 25. Nb3 {[%clk 0:14:36]} b6 {[%clk 0:13:34]} 26. Bxb6 {[%clk 0:14:39]}
f5 {[%clk 0:13:30]} 27. Nxa5 {[%clk 0:14:41]} fxe4 {[%clk 0:13:31]} 28. Rd1
{[%clk 0:13:43]} Nf5 {[%clk 0:13:26]} 29. Rd8 {[%clk 0:13:17]} Rxd8 {[%clk
0:13:18]} 30. Bxd8 {[%clk 0:13:21]} e3 {[%clk 0:13:22]} 31. fxe3 {[%clk 0:13:25]}
Nxe3 {[%clk 0:13:26]} 32. Nxc6 {[%clk 0:13:26]} Nxc4 {[%clk 0:13:25]} 33. a5
{[%clk 0:13:30]} Bf8 {[%clk 0:13:24]} 34. b4 {[%clk 0:13:31]} Kf7 {[%clk
0:13:16]} 35. a6 {[%clk 0:13:35]} 1-0

[Event "Campeonato de España Rapid 2017"]
[Site "Linares"]
[Date "2017.08.13"]
[Round "1"]
[White "Balbuena Fuentes, Mario"]
[Black "Korneev, Oleg"]
[Result "0-1"]
[Board "14"]
[WhiteTitle "FM"]
[WhiteElo "2042"]
[WhiteCountry "ESP"]
[WhiteFideId "32017880"]
[WhiteEloChange "-2"]
[BlackTitle "GM"]
[BlackElo "2577"]
[BlackCountry "ESP"]
[BlackFideId "4156803"]
[BlackEloChange "1"]

1. e4 {[%clk 0:15:05]} c5 {[%clk 0:15:05]} 2. Nf3 {[%clk 0:15:05]} e6 {[%clk
0:15:05]} 3. g3 {[%clk 0:15:05]} Nc6 {[%clk 0:15:05]} 4. Bg2 {[%clk 0:15:05]} Nf6
{[%clk 0:15:05]} 5. Qe2 {[%clk 0:15:05]} d6 {[%clk 0:15:05]} 6. O-O {[%clk
0:15:05]} Be7 {[%clk 0:15:05]} 7. c3 {[%clk 0:15:05]} O-O {[%clk 0:15:05]} 8. Rd1
{[%clk 0:15:05]} Bd7 {[%clk 0:15:05]} 9. d4 {[%clk 0:15:05]} cxd4 {[%clk
0:15:05]} 10. cxd4 {[%clk 0:15:05]} d5 {[%clk 0:15:05]} 11. e5 {[%clk 0:15:05]}
Ne4 {[%clk 0:15:05]} 12. Nbd2 {[%clk 0:15:05]} Nxd2 {[%clk 0:15:05]} 13. Bxd2
{[%clk 0:15:05]} Rc8 {[%clk 0:15:05]} 14. Rac1 {[%clk 0:15:05]} Qb6 {[%clk
0:15:05]} 15. Bc3 {[%clk 0:15:05]} Na5 {[%clk 0:15:05]} 16. Qe1 {[%clk 0:15:05]}
Nc4 {[%clk 0:15:05]} 17. b3 {[%clk 0:15:05]} Na3 {[%clk 0:15:05]} 18. Bb2 {[%clk
0:15:05]} Bb4 {[%clk 0:15:05]} 19. Qe3 {[%clk 0:15:05]} h6 {[%clk 0:15:05]} 20.
Ne1 {[%clk 0:15:05]} Bb5 {[%clk 0:15:05]} 21. Bf1 {[%clk 0:15:05]} Qa5 {[%clk
0:15:05]} 22. Nd3 {[%clk 0:15:05]} Nc2 {[%clk 0:15:05]} 23. Qf4 {[%clk 0:15:05]}
Bxd3 {[%clk 0:10:19]} 24. Bxd3 {[%clk 0:14:23]} Qxa2 {[%clk 0:10:19]} 25. Rxc2
{[%clk 0:11:12]} Rxc2 {[%clk 0:10:19]} 26. Bxc2 {[%clk 0:11:12]} Qxb2 {[%clk
0:10:19]} 27. Qc1 {[%clk 0:11:12]} Qxc1 {[%clk 0:09:50]} 28. Rxc1 {[%clk
0:11:12]} Bd2 {[%clk 0:09:43]} 29. Rd1 {[%clk 0:11:12]} Bc3 {[%clk 0:09:43]} 30.
Kg2 {[%clk 0:10:19]} Rc8 {[%clk 0:09:37]} 31. Bb1 {[%clk 0:10:19]} g6 {[%clk
0:09:30]} 32. Kf3 {[%clk 0:10:13]} Rc6 {[%clk 0:09:30]} 33. Ke3 {[%clk 0:09:54]}
Rb6 {[%clk 0:09:30]} 34. Bc2 {[%clk 0:09:54]} Rb4 {[%clk 0:09:17]} 35. f4 {[%clk
0:08:57]} a5 {[%clk 0:08:59]} 36. h3 {[%clk 0:08:26]} b5 {[%clk 0:08:59]} 37. g4
{[%clk 0:08:26]} a4 {[%clk 0:08:59]} 38. bxa4 {[%clk 0:08:26]} bxa4 {[%clk
0:08:59]} 39. Rb1 {[%clk 0:08:08]} Bxd4+ {[%clk 0:08:41]} 40. Kd3 {[%clk
0:08:02]} Rxb1 {[%clk 0:08:35]} 41. Bxb1 {[%clk 0:07:55]} Bb2 {[%clk 0:08:35]}
42. Kc2 {[%clk 0:07:38]} Ba1 {[%clk 0:08:35]} 43. Kd3 {[%clk 0:07:32]} g5 {[%clk
0:08:35]} 44. Ke3 {[%clk 0:07:15]} Bb2 {[%clk 0:08:35]} 45. Ba2 {[%clk 0:07:15]}
Bc1+ {[%clk 0:08:28]} 46. Kd4 {[%clk 0:07:15]} gxf4 {[%clk 0:08:28]} 47. Bb1
{[%clk 0:06:58]} Bb2+ {[%clk 0:08:28]} 0-1